000 01138naa a22002897a 4500
001 BR8706976
003 BR-BrBNA
005 20240918175858.0
007 ta
008 230509b bl.||||| |||| 00| 0 por d
040 _aBR-BrBNA
_bpor
_cBiblioteca Nacional de Agricultura
041 _a(Pt)
072 _aJ11
_b0120
_bG514
090 _aJ11 BR8706976
100 1 _aGoncalves, V.A.
100 1 _aFerreira, W.A.
111 1 _a15. Congresso Brasileiro de Engenharia Agricola; 1. Feira Nacional de Equipamentos e Tecnicas Agropecuarias
_cSao Paulo, SP (Brazil)
_d8 Jul 1986
245 1 _aVazoes especificas minimas para a secagem do milho com ar natural em Botucatu, SP [Sao Paulo, Brasil]
260 3 _aSao Paulo, SP (Brasil):
_c1986.
500 _aAnais do 15. Congresso Brasileiro de Engenharia Agricola Sao Paulo, SP (Brasil): 1986. p. 201-211 (BR8706976-AM)J11
650 _aMILHO
650 _aSECAGEM
650 _aSAO PAULO
773 0 _tAnais do 15. Congresso Brasileiro de Engenharia Agricola
_wJ11 BR8706976
_gSao Paulo, SP (Brasil), 1986. p. 201-211
909 _a202404
_bLucia
_c55
_dLucia Elande
942 _cAM
_2AGRIS
999 _c318575
_d318575